Xayoo Industries - Statystyki

Ogólne statystyki
  • Ten quiz został rozwiązany 1 827 razy
  • Średni wynik to 9 z 11
Statystyki odpowiedzi
Ilość obserwujących Osoba % Poprawnych
882K Xayoo
100%
464K Japczan
97%
373K Popo
97%
184K LukiSteve
87%
157K holak
81%
116K Suchar
79%
218K Vysotzky
78%
124K Dejvid
77%
83K Aki
76%
58K mlodziutki
51%
45K matixoxo
33%
Nie znaleziono quizów pasujących do podanych kryteriów
Rozkład punktacji
Procent ludzi z każdym wynikiem
Percentyl według liczby udzielonych odpowiedzi
Twoja historia wyników
Nie rozwiązałeś tego quizu